Trends in foreign collaborations Indian industry: a special reference to foreign collaborations approved in 1988 and 1989 (Record no. 477723)

000 -LEADER
fixed length control field 00553cam a22001457a 4500
008 - FIXED-LENGTH DATA ELEMENTS--GENERAL INFORMATION
fixed length control field 180718b1990 xxu||||| |||| 00| 0 eng d
082 ## - DEWEY DECIMAL CLASSIFICATION NUMBER
Classification number APPPA 89-90 VAR
100 ## - MAIN ENTRY--PERSONAL NAME
Personal name Varma, Padmaja
245 ## - TITLE STATEMENT
Title Trends in foreign collaborations Indian industry: a special reference to foreign collaborations approved in 1988 and 1989
Statement of responsibility, etc. by Padmaja Varma
260 ## - PUBLICATION, DISTRIBUTION, ETC.
Place of publication, distribution, etc. New Delhi
Name of publisher, distributor, etc. Indian Institute of Public Administration
Date of publication, distribution, etc. 1990
300 ## - PHYSICAL DESCRIPTION
Extent 146p.
650 ## - SUBJECT ADDED ENTRY--TOPICAL TERM
Topical term or geographic name entry element India's development
650 ## - SUBJECT ADDED ENTRY--TOPICAL TERM
Topical term or geographic name entry element Indian policy-Foreign collaborations
650 ## - SUBJECT ADDED ENTRY--TOPICAL TERM
Topical term or geographic name entry element Foreign collaborations
Holdings
Withdrawn status Lost status Damaged status Not for loan Permanent Location Current Location Date acquired Full call number Barcode Date last seen Price effective from Koha item type
        Indian Institute of Public Administration Indian Institute of Public Administration 2018-08-04 APPPA 89-90 VAR GR12367 2018-08-04 2018-08-04 GR

Powered by Koha